| 000 | 00839nam a2200241 i 4500 | ||
|---|---|---|---|
| 003 | DO-SdBNP | ||
| 005 | 20230427110234.0 | ||
| 007 | ta | ||
| 008 | 220207b2000 dr |||| |||| 00| 0 spa d | ||
| 040 |
_aDO-SdBNP _bspa _cBNPHU _erda |
||
| 082 | 4 |
_222 _bA185e |
|
| 100 | 1 |
_9463 _aAcosta, Pedro |
|
| 245 | 1 | 0 |
_aEducando con amor : _bguía de autoayuda para padres, maestros, orientadores y abuelos / _cPedro Acosta ; dirección, revisión y presentación Héctor Rodríguez. |
| 264 |
_aSanto Domingo : _bFundación Metropolitana, _c2000. |
||
| 300 |
_a74 páginas ; _c20 cm. |
||
| 336 |
_2rdacontent _atexto _btxt |
||
| 337 |
_2rdamedia _asin mediación _bn |
||
| 338 |
_2rdacarrier _avolumen _bnc |
||
| 590 | _aInventariado, 2022 /LP | ||
| 700 | 1 |
_a Rodríguez, Héctor, _epresentación _912028 |
|
| 910 | _aLopérez. | ||
| 942 |
_2ddc _cLBS1 |
||
| 999 |
_c51366 _d51366 |
||